Statistics for Real Madrid 17-18 Squad

Click here to take the quiz!

General Stats

  • This quiz has been taken 117 times
  • The average score is 18 of 24

Answer Stats

HintAnswer% Correct
1Keylor Navas
100%
7Cristiano Ronaldo
99%
9Karim Benzema
99%
10Luka Modric
99%
8Toni Kroos
99%
4Sergio Ramos
97%
11Gareth Bale
96%
12Marcelo
96%
2Dani Carvajal
93%
5Raphael Varane
93%
CoachZinedine Zidane
92%
14Casemiro
86%
22Isco
81%
6Nacho Fernandez
80%
20Marco Asensio
79%
17Lucas Vazquez
68%
13Kiko Casilla
54%
3Jesus Vallejo
53%
15Theo Hernandez
53%
24Dani Ceballos
50%
19Achraf Hakimi
49%
23Matteo Kovacic
44%
21Borja Mayoral
32%
18Marcos Llorente
32%

Score Distribution

Percentile by Number Answered

Percent of People with Each Score

Your Score History

You have not taken this quiz